000 00718cam a22002411 4500
001 ne 67000153
003 DLC
005 20260227111828.0
008 810811s1966 ua b 000 0barar
010 _ane 67000153
025 _aPL480:UAR-7868
035 _a(OCoLC)7659498
040 _aDLC
_cTU
_dTU
_dOCoLC
_dDLC
042 _apremarc
050 0 0 _aPJ6064.Z25
_bH8
100 1 _aḤūfī, Aḥmad Muḥammad.
245 1 3 _aal-Zamakhsharī,
_ctaʼlīf Aḥmad Muḥammad al-Ḥūfī.
250 _aal-ṭabʻah 1.
260 _a[al-Qāhirah]
_bDār al-Fikr al-ʻArabī,
_c1966.
300 _a331 p.
_c24 cm.
504 _aBibliography: p. 300-306.
600 1 0 _aZamakhsharī, Maḥmūd ibn ʻUmar,
_d1075-1144.
999 _c49326
_d49326